=LDR 00000nam 2200000 4500 =001 NUTBA000000000001457 =005 20140428133634.0 =006 =007 =008 =035 ##$$a 0010-041400000000727 =082 ##$$a 391.095 981 5 =090 ##$$a 391.095 981 5 Ind p =100 ##$$a DEPDIKBUD =245 ##$$a Pakaian Adat Tradisional Daerah Prov. Jambi =260 ##$$a Jambi $b DEPDIKBUD $c 1992 =300 ##$$a 166 hlm $b ilus $c 21 cm =990 ##$$a 21195348/BPAP-NTB/2014 =990 ##$$a 21400613/BPAP-NTB/20142014